000 00767nam a2200289Ia 4500
005 20260324113845.0
008 008 260324s9999 xx 000 0 eng d
020 _a9781003278788
037 _aEBOOK
040 _aCRL
040 _beng
040 _cCRL
041 _2eng
041 _aeng
084 _qCRL
100 _aBogdan Lent; Changzheng Zhang
_91148453
245 0 _aEconomic and Business Management 2022
245 0 _bProceedings of the 7th International Conference on Economic and Business Management (FEBM 2022)
260 _bTaylor and Francis
260 _c2023
365 _a
365 _b290
856 _uhttp://www.taylorfrancis.com/books/9781003278788
942 _cEBOOK
999 _c1738322
_d1738322